|
|
|
|
| LEADER |
01013nam a2200253 a 4500 |
| 001 |
13148111 |
| 008 |
111213s2003 dcu b 001 0 eng |
| 010 |
|
|
|a 2003007909
|
| 020 |
|
|
|a 0881323543 (alk. paper)
|
| 040 |
|
|
|a DLC
|c DLC
|d DLC
|d BD-DhAAL
|
| 042 |
|
|
|a pcc
|
| 050 |
0 |
0 |
|a HC60
|b .R16 2003
|
| 082 |
0 |
0 |
|a 338.91/73
|2 21
|
| 100 |
1 |
|
|a Radelet, Steven C.,
|d 1957-
|
| 245 |
1 |
0 |
|a Challenging foreign aid :
|b a policymaker's guide to the Millennium Challenge Account /
|c Steven Radelet.
|
| 260 |
|
|
|a Washington, DC :
|b Center for Global Development,
|c 2003.
|
| 300 |
|
|
|a xvi, 194 p. ;
|c 23 cm.
|
| 504 |
|
|
|a Includes bibliographical references and index.
|
| 541 |
|
|
|e 00024018
|
| 650 |
|
0 |
|a Economic assistance, American.
|
| 651 |
|
0 |
|a United States
|x Foreign relations
|y 2001-
|
| 852 |
1 |
|
|a James P Grant School of Public Health
|c General Shelf.
|
| 999 |
|
|
|c 11573
|d 11573
|
| 952 |
|
|
|0 0
|1 0
|2 ddc
|4 0
|6 338_917300000000000_RAD
|7 0
|9 18832
|a JPGSPH
|b JPGSPH
|c GEN
|d 2011-12-13
|l 0
|o 338.9173 RAD
|p 3060024018
|r 2011-12-13
|t 1
|w 2011-12-13
|y BK
|